Statistics for Football players starting with the letter E

Click here to take the quiz!

General Stats

  • This quiz has been taken 58 times
  • The average score is 9 of 16

Answer Stats

Answer% Correct
Christian Eriksen
96%
Samuel Eto'o
94%
Ederson
89%
Eusébio
83%
Michael Essien
77%
Harvey Elliot
70%
Breel Embolo
68%
Mohamed Elneny
64%
Anthony Elanga
62%
Stephan El Shaarawy
62%
Hugo Ekitike
53%
Pervis Estupiñán
53%
Björn Engels
13%
Bilal El Khannous
11%
Sebastiano Esposito
11%
Jurgen Ekkelenkamp
9%

Score Distribution

Percentile by Number Answered

Percent of People with Each Score

Your Score History

You have not taken this quiz